00590nam a2200133Ia 4500008004100000100001700041245014400058260006900202300001100271650001400282856006800296999001900364952007300383160712s9999 xx 000 0 und d aDiaz, Glenn. cGlenn DiazaFrom Allies to "It's Complicated": Toward an Ambivalent and Discursive Confrontation of America in Three Filipino Short Stories c2013bLikhaan: The Journal of Contemporary Philippine Literature avol. 7 xCRITICISM uhttp://journals.upd.edu.ph/index.php/lik/issue/view/537/showToc c297266d297266 001040aCLbCLd2016-07-12l0r2016-07-12 00:00:00w2016-07-12yFEJ